000 00877nam a2200229 a 4500
001 47012
003 BD-RjUL
005 20211209054239.0
008 160806s1985 bg ||||| |||| 00| 0 ben d
020 _c: TK 15.00
035 _a(BD-RjUL)47131
040 _aBD-RjUL
_bben
_cBD-RjUL
041 _aben
082 _223
_a658.095492
_bDEB 1985
100 _aদেবনাথ, রমণীমোহন
_9147983
245 1 0 _aব্যবসা ও শিল্পে বাঙালি /
_cরমণীমোহন দেবনাথ
260 _aঢাকা :
_bবাংলা একাডেমী,
_c১৯৮৫
300 _a১০০ পৃ. ;
_c২১ সেমি.
650 _aশিল্পকৌশল ব্যবস্থাপনা
_zবাংলাদেশ
_9139788
650 _a Industrial management
_zBangladesh
_9142689
942 _2ddc
_cBK
999 _c47012
_d47012